MARCATORI SERIE A 2025/26 - Statistics

Statistiche generali
  • Questo quiz è stato fatto 87 volte
  • Il punteggio medio è 61 su 177
Statistiche sulle risposte
GOL GIOCATORE % Corretto
1 MARTIN
90%
1 | 4 THURAM
89%
5 LEAO
88%
7 MARTINEZ
86%
7 PULISIC
84%
5 YILDIZ
78%
3 VLAHOVIC
75%
4 HOJLUND
74%
2 KEAN
74%
2 MCTOMINAY
74%
6 ORSOLINI
74%
1 BARELLA
73%
1 DAVID
73%
4 DE BRUYNE
71%
1 | 3 ESPOSITO
71%
5 PAZ
71%
1 MODRIC
68%
2 DIMARCO
67%
1 DYBALA
67%
4 BONNY
66%
6 CALHANOGLU
66%
4 MANDRAGORA
66%
3 SCAMACCA
66%
4 BERARDI
64%
1 BASTONI
62%
3 DOUVIKAS
62%
4 CASTRO
59%
1 FERGUSON
59%
2 ORBAN
59%
4 PINAMONTI
59%
5 BONAZZOLI
58%
4 VARDY
58%
3 ZACCAGNI
58%
2 PELLEGRINI
56%
2 DOVBYK
55%
2 LOOKMAN
55%
4 SOULE
55%
1 ZAPATA
55%
4 ANGUISSA
53%
2 CASTELLANOS
53%
1 CONCEICAO
53%
1 RABIOT
53%
1 DUMFRIES
51%
4 SIMEONE
51%
2 KRSTOVIC
49%
4 PELLEGRINO
49%
2 VLASIC
49%
4 ZANIOLO
49%
1 CAMBIASO
48%
4 DAVIS
48%
3 NERES
48%
2 WESLEY
48%
3 GIOVANE
47%
2 KONE
47%
2 LAURIENTE
47%
1 LUCCA
47%
2 BASCHIROTTO
45%
2 PAVLOVIC
45%
2 DE KETELAERE
44%
1 DIA
44%
1 FOFANA
44%
1 CRISTANTE
42%
2 SAELEMAEKERS
42%
2 COLOMBO
41%
1 GATTI
41%
2 GUDMUNDSSON
41%
1 PICCOLI
40%
1 ZIELINSKI
40%
1 DALLINGA
38%
1 KELLY
38%
3 ADAMS
37%
1 PERRONE
36%
1 CAMARDA
34%
3 NZOLA
34%
1 SPINAZZOLA
34%
2 ISAKSEN
33%
2 MOREO
33%
1 PASALIC
33%
1 RANIERI
33%
2 BERNABE
32%
1 BERNARDESCHI
32%
1 LANG
32%
2 GUENDOUZI
30%
1 SUCIC
30%
1 CARLOS AUGUSTO
29%
1 LOFTUS CHEEK
29%
1 TOURE
29%
3 ADDAI
27%
1 ADZIC
27%
1 RICCI
27%
1 VITINHA
27%
2 BELOTTI
26%
3 BORRELLI
26%
3 CANCELLIERI
26%
1 CELIK
26%
1 CUTRONE
26%
2 KEMPF
26%
1 ATTA
25%
2 CAMBIAGHI
25%
1 COCO
25%
1 GOSENS
25%
2 KOSTIC
25%
3 ODGAARD
25%
1 RAMON
25%
1 ZALEWSKI
25%
1 LUCUMI
23%
1 LUPERTO
23%
1 BATURINA
22%
1 GAETANO
22%
1 MINA
22%
1 MUHAREMOVIC
22%
1 NORTON CUFFY
22%
1 SANABRIA
22%
1 DELPRATO
19%
1 MARIPAN
19%
1 VOJVODA
19%
1 BANDA
18%
1 CATALDI
18%
1 HOLM
18%
1 MIRANDA
18%
1 NOSLIN
18%
1 SAMARDZIC
18%
1 BEUKEMA
16%
1 CABAL
16%
1 HERMOSO
16%
1 MEISTER
16%
1 SCALVINI
16%
2 SULEMANA
16%
2 TERRACCIANO
16%
1 BASIC
15%
1 GILMOUR
15%
1 MORO
15%
2 THORSBY
15%
2 BERISHA
14%
1 BERNEDE
14%
1 BRESCIANINI
14%
1 MORENO
14%
1 NGONGE
14%
2 POBEGA
14%
1 VOLPATO
14%
2 BELGHALI
12%
1 EKHATOR
12%
1 EKUBAN
12%
1 KRISTENSEN
12%
1 MATIC
12%
2 SERDAR
12%
1 ATHEKAME
11%
1 DE LUCA
11%
1 FADERA
11%
2 MALINOVSKYI
11%
1 VAZQUEZ
11%
2 FELICI
10%
2 COULIBALY
8%
1 CUADRADO
8%
1 ELLERTSSON
8%
1 PAYERO
8%
1 THORSTVEDT
8%
1 BRAVO
7%
1 BUKSA
7%
1 KARLSTROM
7%
1 POSCH
7%
1 SOTTIL
7%
1 CHEDDIRA
5%
1 CIRCATI
5%
1 KOSSOUNOU
5%
2 N'DRI
5%
1 IANNONI
3%
1 IDRISSI
3%
1 KABASELE
3%
1 LORRAN
3%
1 PIOTROWSKI
3%
1 TIAGO GABRIEL
3%
1 BENEDYCZAK
1%
1 FOLINO
1%
1 GAGLIARDINI
1%
Nessun quiz corrispondente trovato
Distribuzione punteggi
Percentuale di utenti per punteggio
Percentile per numero di risposta
I tuoi punteggi nel tempo
Non hai fatto questo quiz